Código de las leyes marítimas / (Record no. 44795)

MARC details
000 -LEADER
campo de control de longitud fija 00661nam a2200193 i 4500
001 - NÚMERO DE CONTROL
campo de control 44795
003 - IDENTIFICADOR DE NÚMERO DE CONTROL
campo de control ES-MaACL
007 - CAMPO FIJO DE DESCRIPCIÓN FÍSICA--INFORMACIÓN GENERAL
campo de control de longitud fija t|
008 - DATOS DE LONGITUD FIJA--INFORMACIÓN GENERAL
campo de control de longitud fija 030324s1980 sp ||||1| spa d
245 00 - MENCIÓN DEL TÍTULO
Título Código de las leyes marítimas /
Mención de responsabilidad, etc. Aurelio Menéndez Menéndez, Juan Luis Iglesias Prada.
260 ## - PUBLICACIÓN, DISTRIBUCIÓN, ETC.
Lugar de publicación, distribución, etc. Madrid :
Nombre del editor, distribuidor, etc. [Boletín Oficial del Estado],
Fecha de publicación, distribución, etc. 1980.
300 ## - DESCRIPCIÓN FÍSICA
Extensión 2919 p. ;
Dimensiones 21 cm.
500 ## - NOTA GENERAL
Nota general Edición cerrada el 1 de marzo de 1980.
700 1# - ENTRADA AGREGADA--NOMBRE PERSONAL
Nombre de persona Menéndez Menéndez, Aurelio.
9 (RLIN) 80305
700 1# - ENTRADA AGREGADA--NOMBRE PERSONAL
Nombre de persona Iglesias Prada, Juan Luis.
9 (RLIN) 65131
852 ## - LOCALIZACIÓN
Ubicación ES-MaACL
Número de control de estantería L-5609
Sublocalización o colección R.106311
852 ## - LOCALIZACIÓN
Ubicación ES-MaACL
Número de control de estantería L-5610
Sublocalización o colección R.106312
852 ## - LOCALIZACIÓN
Ubicación ES-MaACL
Número de control de estantería L-5611
Sublocalización o colección R.106313
Holdings
Estatus retirado Estado de pérdida Estado de daño No para préstamo Biblioteca de origen Biblioteca actual Ubicación en estantería Fecha de adquisición Fuente de adquisición Total de préstamos Signatura topográfica completa Código de barras Visto por última vez Precio de reemplazo Tipo de ítem Koha
        Biblioteca del Ateneo de Madrid Biblioteca del Ateneo de Madrid Depósito 2 17/01/2008     L-5611 1047145 23/02/2023 23/02/2023 Libro impreso
        Biblioteca del Ateneo de Madrid Biblioteca del Ateneo de Madrid Depósito 2 17/01/2008     L-5609 1047143 23/02/2023 23/02/2023 Libro impreso
        Biblioteca del Ateneo de Madrid Biblioteca del Ateneo de Madrid Depósito 2 17/01/2008     L-5610 1047144 23/02/2023 23/02/2023 Libro impreso